000 00864nas a2200289 4500
001 BR9604964
003 BR-BrBNA
005 20231205095825.0
007 ta
008 230509b bl.|||p| |||| 00| 00por d
040 _aBR-BrBNA
_bpor
_cBiblioteca Nacional de Agricultura
041 _a(Pt)
072 _aF07
100 1 _aNascimento, J.S. do
100 1 _aCastilho, D.D.
100 1 _aVahl, L.C.
100 1 _aPauletto, E.A.
245 1 _aDecomposicao da celulose num planossolo submetido a diferentes sistemas de cultivo
650 _aCultivo do Solo
650 _aCelulose
650 _aDecomposicao
650 _aPlanossolo
650 _aVarzea
773 0 _tRevista Brasileira de Ciencia do Solo (Brazil)
_xISSN 0100-0683
_g(Sep-Dec 1995), v. 19(3) p. 481-484
_wBR9604964
909 _a202311
_bLúcia
_c55
_dLúcia Elande
942 _2AGRIS
_n0
_cANA
999 _c152910
_d152910